|
|
|
|
| LEADER |
00000cam a2200000 7i4500 |
| 001 |
0000000175 |
| 005 |
20000712.0 |
| 020 |
0 |
0 |
|a 9839095021
|
| 090 |
0 |
0 |
|a 658.562
|b BAG 1994
|
| 245 |
0 |
0 |
|a BAGAIMANA mengendalikan kumpulan QC
|c diedit oleh Ibu Pejabat Kumpulan QC, JUSE, Tokyo, Jepun
|
| 260 |
0 |
0 |
|a Petaling Jaya, SelangorbPerbadanan Produktiviti Negara ,
|c 1994
|
| 300 |
|
|
|a xvi, 246 p. ;
|c 21cm.
|
| 650 |
0 |
0 |
|a Management
|
| 650 |
0 |
0 |
|a Quality circle
|
| 650 |
0 |
0 |
|a Quality control
|
| 710 |
1 |
1 |
|a Perbadanan Produktiviti Negara (NPC)
|
| 710 |
1 |
1 |
|a Union of Japanese Scientists and Engineers
|
| 999 |
|
|
|a 0000000975
|b Monograph
|c Open Shelf
|e Default branch
|
| 999 |
|
|
|a 0000001237
|b Monograph
|c Open Shelf
|e Default branch
|